00511nam a2200181Ia 4500999001700000003000400017005001700021008004100038020001500079040001800094082001800112100003900130245006500169260003400234300000900268650001000277942004200287 c15861d15861OSt20200606115836.0190216s9999||||xx |||||||||||||| ||und|| a817457140X cMESKC library a891.43bKHA/H a Khandeval, Jayakrishnaprasad9302 0aHindi Sahithya ki Pravrthiyam /cJayakrishnaprasad Khandeval bVinod Pusthak Mandir, aAgra: a800p aHindi cBK2ddch891.43iKHA/Hk891.43mKHA/H